[Event "Copenhagen Chess Challenge 2010"]
[Site "Ballerup"]
[Date "2010.??.??"]
[Round "3"]
[White "Grabarczyk, Miroslaw"]
[Black "Brondum, Eric"]
[Result "1-0"]
[WhiteElo "2450"]
[BlackElo "2135"]
[PlyCount "79"]
[EventDate "2010.??.??"]
[EventType "swiss"]
[EventRounds "9"]
[EventCountry "DEN"]

1. d4 Nf6 2. c4 e5 3. dxe5 Ng4 4. Nf3 Bc5 5. e3 Nc6 6. Nc3 Ngxe5 7. Nxe5 Nxe5
8. Be2 d6 9. O-O O-O 10. b3 Re8 11. Na4 Bb6 12. Bb2 Qh4 13. Nxb6 axb6 14. Qd4
Qh6 15. a3 Bd7 16. Rae1 Qg6 17. f3 Bc6 18. Qc3 f6 19. b4 Re7 20. e4 Rae8 21.
Rd1 Kh8 22. c5 bxc5 23. bxc5 dxc5 24. Qxc5 h6 25. Rd2 Qg5 26. Qc1 Ng6 27. Bc4
Bb5 28. Bxb5 Qxb5 29. Rd5 Qb6+ 30. Kh1 Ne5 31. h3 c6 32. Rd2 Qb3 33. Rfd1 Nc4
34. Bxf6 gxf6 35. Rd3 Qa2 36. Qxh6+ Kg8 37. Qg6+ Kf8 38. Qxf6+ Kg8 39. Rd8 Qc2
40. R1d7 1-0

[Event "Copenhagen Chess Challenge 2010"]
[Site "Ballerup"]
[Date "2010.??.??"]
[Round "3"]
[White "Berg, Klaus"]
[Black "Brondt, Nicolai Kvist"]
[Result "1/2-1/2"]
[WhiteElo "2428"]
[BlackElo "2087"]
[PlyCount "51"]
[EventDate "2010.??.??"]
[EventType "swiss"]
[EventRounds "9"]
[EventCountry "DEN"]

1. c4 c6 2. e4 d5 3. exd5 cxd5 4. d4 Nf6 5. Nc3 e6 6. Nf3 Bb4 7. cxd5 Nxd5 8.
Bd2 Nc6 9. Bd3 O-O 10. O-O Be7 11. a3 Nxc3 12. bxc3 b6 13. Qe2 Bb7 14. Qe4 g6
15. Bh6 Re8 16. h4 Qd7 17. Ng5 Qd5 18. Qf4 Bxg5 19. Qxg5 Qxg5 20. Bxg5 Rac8 21.
Rac1 Na5 22. Bb5 Bc6 23. Ba6 Bb7 24. Bb5 Bc6 25. Ba6 Bb7 26. Bb5 1/2-1/2

[Event "Copenhagen Chess Challenge 2010"]
[Site "Ballerup"]
[Date "2010.??.??"]
[Round "3"]
[White "Poulsen, Iver"]
[Black "Semcesen, Daniel"]
[Result "1/2-1/2"]
[WhiteElo "2140"]
[BlackElo "2424"]
[PlyCount "133"]
[EventDate "2010.??.??"]
[EventType "swiss"]
[EventRounds "9"]
[EventCountry "DEN"]

1. e4 d6 2. d4 Nf6 3. Nc3 Nbd7 4. Nf3 e5 5. Bc4 Be7 6. O-O O-O 7. Re1 c6 8. a4
b6 9. d5 cxd5 10. Nxd5 Bb7 11. b3 Rc8 12. Re2 Nxd5 13. Bxd5 Ba6 14. c4 Nf6 15.
Ba3 Qc7 16. Ne1 Nxd5 17. Qxd5 Bb7 18. Qd3 Qd7 19. Rd1 Rcd8 20. Nc2 f5 21. exf5
Rxf5 22. Ne3 Rg5 23. Nd5 Bf8 24. Bc1 Rg6 25. f4 exf4 26. Bxf4 Re8 27. Rde1 Rge6
28. Rxe6 Rxe6 29. Re3 Qf7 30. Rxe6 Qxe6 31. Bg3 h6 32. h3 Bc6 33. Kh2 Bb7 34.
Kg1 Bc8 35. Nc7 Qf5 36. Qxf5 Bxf5 37. Nb5 a6 38. Nxd6 Bc2 39. Nc8 Bxb3 40. Nxb6
Bc5+ 41. Bf2 Bxb6 42. Bxb6 Bxa4 43. Kf2 Kf7 44. Ke3 Ke6 45. g4 Bc6 46. h4 g6
47. Ba5 Ba4 48. Bc3 Bd1 49. Bg7 Bxg4 50. Bxh6 a5 51. Kd4 Kd6 52. Bf8+ Kc6 53.
Kc3 Be2 54. Be7 Kd7 55. Bf8 Ke6 56. Bc5 Kf5 57. Be7 Kg4 58. Bd8 a4 59. Kb4 a3
60. Kxa3 Bxc4 61. Bg5 Kh5 62. Kb4 Bd5 63. Kc5 Be4 64. Kd4 Bf3 65. Ke3 Bg4 66.
Kf4 Bf3 67. Kxf3 1/2-1/2

[Event "Copenhagen Chess Challenge 2010"]
[Site "Ballerup"]
[Date "2010.??.??"]
[Round "3"]
[White "Teplyi, Igor"]
[Black "Grove, Peter"]
[Result "1-0"]
[WhiteElo "2315"]
[BlackElo "2124"]
[PlyCount "55"]
[EventDate "2010.??.??"]
[EventType "swiss"]
[EventRounds "9"]
[EventCountry "DEN"]

1. d4 Nf6 2. c4 Nc6 3. Nf3 e6 4. g3 Bb4+ 5. Nbd2 d5 6. Qc2 dxc4 7. Qxc4 O-O 8.
Bg2 e5 9. dxe5 Be6 10. Qc2 Ng4 11. O-O Bd5 12. Nc4 Bc5 13. a3 b5 14. Ncd2 Bd4
15. Nb3 Bb6 16. Bf4 Bxf3 17. Bxf3 Ncxe5 18. Bxe5 Nxe5 19. Bxa8 Qxa8 20. a4 bxa4
21. Rxa4 f5 22. Rf4 Qc8 23. Qc3 Ng6 24. Rc4 f4 25. Nc5 Rf5 26. b4 Rh5 27. Qf3
Rg5 28. Rd1 1-0

[Event "Copenhagen Chess Challenge 2010"]
[Site "Ballerup"]
[Date "2010.??.??"]
[Round "3"]
[White "Carstensen, Jacob"]
[Black "Johansson, Anders"]
[Result "1-0"]
[WhiteElo "2295"]
[BlackElo "2071"]
[PlyCount "47"]
[EventDate "2010.??.??"]
[EventType "swiss"]
[EventRounds "9"]
[EventCountry "DEN"]

1. d4 Nf6 2. c4 g6 3. Nc3 d5 4. Nf3 Bg7 5. Qb3 dxc4 6. Qxc4 O-O 7. e4 Na6 8.
Be2 c5 9. d5 e6 10. O-O exd5 11. Nxd5 Nxd5 12. exd5 b5 13. Qxb5 Rb8 14. Qa4 Rb4
15. Qa3 Nc7 16. Qxa7 Nxd5 17. Qxc5 Bxb2 18. Bxb2 Rxb2 19. Bc4 Nb4 20. Rad1 Qf6
21. Ne5 Bf5 22. Rd6 Qh4 23. Nxf7 Rc8 24. Nh6+ 1-0

[Event "Copenhagen Chess Challenge 2010"]
[Site "Ballerup"]
[Date "2010.??.??"]
[Round "3"]
[White "De Verdier, Michael"]
[Black "Rostgaard, Tobias Valentin"]
[Result "1-0"]
[WhiteElo "2286"]
[BlackElo "2037"]
[PlyCount "78"]
[EventDate "2010.??.??"]
[EventType "swiss"]
[EventRounds "9"]
[EventCountry "DEN"]

1. d4 Nf6 2. Nf3 c5 3. d5 d6 4. c4 e5 5. Nc3 g6 6. e4 Bg7 7. g3 O-O 8. Bg2 Nbd7
9. O-O a6 10. a4 b6 11. Ne1 Ne8 12. f4 exf4 13. gxf4 Rb8 14. Kh1 Nc7 15. Qd3
Nf6 16. Nf3 Re8 17. Bd2 Bd7 18. Rae1 b5 19. b3 bxc4 20. bxc4 Rb4 21. a5 Rb3 22.
Qc2 Rb4 23. Rb1 Rxb1 24. Qxb1 Na8 25. e5 Bf5 26. Qb7 Ne4 27. Nxe4 Bxe4 28. Re1
Bxf3 29. Bxf3 dxe5 30. Qxa6 Nc7 31. Qb6 f5 32. fxe5 Bxe5 33. Qxc5 Na6 34. Qc6
Nb8 35. Qb5 Nd7 36. d6 Qh4 37. Re2 Qd8 38. Qd5+ Kg7 39. c5 Nf6 1-0

[Event "Copenhagen Chess Challenge 2010"]
[Site "Ballerup"]
[Date "2010.??.??"]
[Round "3"]
[White "Hove, Esben Kjems"]
[Black "Frank Nielsen, Marie"]
[Result "1-0"]
[WhiteElo "2269"]
[BlackElo "1992"]
[PlyCount "129"]
[EventDate "2010.??.??"]
[EventType "swiss"]
[EventRounds "9"]
[EventCountry "DEN"]

1. d4 Nf6 2. c4 d6 3. Nc3 Nbd7 4. e4 e5 5. Nf3 Be7 6. Be2 O-O 7. O-O c6 8. b3
Ne8 9. Bb2 Nc7 10. Re1 Ne6 11. d5 Nf4 12. dxc6 Nxe2+ 13. Rxe2 bxc6 14. Rd2 Qa5
15. a3 Nf6 16. Ne1 Be6 17. Nd3 Rad8 18. Qc2 Qc7 19. Re1 Nd7 20. Rdd1 f5 21.
exf5 Bxf5 22. Ne4 Nf6 23. Ng3 Bg6 24. Qe2 h5 25. c5 h4 26. Nf1 Bh5 27. f3 Rfe8
28. Ne3 e4 29. Nf4 exf3 30. gxf3 Bf7 31. Nf5 Bf8 32. Qg2 Kh8 33. cxd6 Qa5 34.
Rxe8 Rxe8 35. d7 Re1+ 36. Rxe1 Qxe1+ 37. Qf1 Bc5+ 38. Bd4 Bxd4+ 39. Nxd4 Qxf1+
40. Kxf1 Nxd7 41. Nxc6 g5 42. Nh3 g4 43. fxg4 Bxb3 44. Nxa7 Ne5 45. Nf2 Nc4 46.
Nb5 Ne5 47. Kg2 Ng6 48. Nd4 Ba4 49. Kh3 Bd7 50. Nf3 Nf4+ 51. Kxh4 Nd5 52. Ne5
Be8 53. Ne4 Ne3 54. Nc5 Nc2 55. a4 Nd4 56. a5 Nb5 57. g5 Kg7 58. Kg4 Na7 59. h4
Bb5 60. Ne6+ Kg8 61. g6 Nc8 62. Kg5 Nd6 63. Ng4 Ne4+ 64. Kf4 Bc6 65. Nh6+ 1-0

[Event "Copenhagen Chess Challenge 2010"]
[Site "Ballerup"]
[Date "2010.??.??"]
[Round "3"]
[White "Peschardt, Soren"]
[Black "Rosenkilde, Alexander"]
[Result "1/2-1/2"]
[WhiteElo "2069"]
[BlackElo "2207"]
[PlyCount "68"]
[EventDate "2010.??.??"]
[EventType "swiss"]
[EventRounds "9"]
[EventCountry "DEN"]

1. d4 Nf6 2. g3 e6 3. Bg2 d5 4. Nc3 c5 5. Nf3 Nc6 6. O-O b6 7. dxc5 bxc5 8. Bf4
Bb7 9. e4 d4 10. Nb5 Rc8 11. e5 Nd5 12. Bg5 Qd7 13. c3 h6 14. Bf4 a6 15. Na3 g5
16. Bd2 g4 17. Nh4 Nxe5 18. Qe2 Bg7 19. f4 gxf3 20. Nxf3 Nxf3+ 21. Qxf3 Rc7 22.
Qg4 f5 23. Qh5+ Qf7 24. Qxf7+ Kxf7 25. Nc4 Rd8 26. cxd4 cxd4 27. Ba5 Rxc4 28.
Bxd8 Rc2 29. Rf2 d3 30. Rxc2 dxc2 31. Rc1 Bd4+ 32. Kh1 Ne3 33. Bxb7 Bxb2 34.
Rxc2 Nxc2 1/2-1/2

[Event "Copenhagen Chess Challenge 2010"]
[Site "Ballerup"]
[Date "2010.??.??"]
[Round "3"]
[White "Schmidt, Tommy B"]
[Black "Kokholm, Daniel"]
[Result "1/2-1/2"]
[WhiteElo "2203"]
[BlackElo "1962"]
[PlyCount "65"]
[EventDate "2010.??.??"]
[EventType "swiss"]
[EventRounds "9"]
[EventCountry "DEN"]

1. d4 Nc6 2. d5 Ne5 3. e4 d6 4. f4 Ng6 5. Nf3 e6 6. dxe6 fxe6 7. Bd3 e5 8. f5
Nh4 9. g3 Nxf3+ 10. Qxf3 c6 11. c4 h5 12. Nc3 Bd7 13. Be3 a6 14. O-O Be7 15.
Na4 c5 16. Nc3 Bc6 17. a4 a5 18. Rad1 Qc7 19. b3 Rd8 20. Kf2 Bf8 21. Ke2 Qf7
22. Kd2 Be7 23. Kc2 b6 24. Rd2 Nf6 25. h3 Kd7 26. Rg2 Nh7 27. Qe2 Bg5 28. Qd2
Qf6 29. Be2 Bxe3 30. Qxe3 Ng5 31. Rh2 Nf7 32. Rg2 Ng5 33. Rh2 1/2-1/2

[Event "Copenhagen Chess Challenge 2010"]
[Site "Ballerup"]
[Date "2010.??.??"]
[Round "3"]
[White "Pallesen, Jacob"]
[Black "Molvig, Henrik"]
[Result "0-1"]
[WhiteElo "2028"]
[BlackElo "2193"]
[PlyCount "100"]
[EventDate "2010.??.??"]
[EventType "swiss"]
[EventRounds "9"]
[EventCountry "DEN"]

1. d4 Nf6 2. Nf3 g6 3. c4 Bg7 4. Nc3 O-O 5. e4 d6 6. Be2 e5 7. d5 a5 8. Bg5 h6
9. Bh4 Na6 10. Nd2 Qe8 11. O-O Bd7 12. b3 Nh7 13. g4 Bf6 14. Bxf6 Nxf6 15. a3
Qc8 16. h3 h5 17. f4 exf4 18. Rxf4 Qd8 19. Qf1 Nh7 20. gxh5 Qg5+ 21. Kh1 Bxh3
22. Qf2 Qe5 23. Qg3 g5 24. Rg1 Kh8 25. Rf2 Qxg3 26. Rxg3 Bd7 27. Nf3 f6 28. Nd4
Nc5 29. Bg4 Bxg4 30. Rxg4 Rfe8 31. Kg2 Nd3 32. Rf1 Nf4+ 33. Kf3 Nf8 34. Ncb5
Rac8 35. Na7 Rcd8 36. Nab5 Rd7 37. Rgg1 Rh7 38. Rh1 Nd7 39. Nc3 Ne5+ 40. Ke3
Nxh5 41. Ne6 c6 42. Ne2 a4 43. Kd4 axb3 44. Rb1 c5+ 45. Kc3 Ra8 46. Kxb3 g4 47.
Rbg1 Rg8 48. Ng3 Nxg3 49. Rxh7+ Kxh7 50. Rxg3 Kh6 0-1

[Event "Copenhagen Chess Challenge 2010"]
[Site "Ballerup"]
[Date "2010.??.??"]
[Round "3"]
[White "Both, Erik"]
[Black "Thestrup, Sixten"]
[Result "1-0"]
[WhiteElo "2188"]
[BlackElo "1930"]
[PlyCount "115"]
[EventDate "2010.??.??"]
[EventType "swiss"]
[EventRounds "9"]
[EventCountry "DEN"]

1. e4 e5 2. Bc4 Nf6 3. d3 Bc5 4. Nf3 d6 5. c3 a5 6. Bg5 O-O 7. Nbd2 Bg4 8. h3
Bh5 9. g4 Bg6 10. Nf1 c6 11. Qe2 d5 12. Bxf6 Qxf6 13. Bb3 dxe4 14. dxe4 Qf4 15.
Ng3 a4 16. Bc2 b5 17. Kf1 Nd7 18. Kg2 Nf6 19. Qe1 Ne8 20. Rd1 Nd6 21. Qe2 Rfd8
22. Rhe1 Nc4 23. Bb1 h6 24. Bd3 Nd6 25. Nh4 Bh7 26. Nhf5 Bxf5 27. exf5 e4 28.
Bxe4 Nxe4 29. Rxd8+ Rxd8 30. Nxe4 Bb6 31. Qf3 Qxf3+ 32. Kxf3 a3 33. b3 Bc7 34.
Ke2 h5 35. f3 hxg4 36. hxg4 f6 37. Rd1 Rxd1 38. Kxd1 Bb6 39. Kc2 Kf7 40. b4 g6
41. Kb3 gxf5 42. gxf5 Ke7 43. Kxa3 Bc7 44. Kb3 Be5 45. c4 Kd7 46. a4 bxa4+ 47.
Kxa4 Kc7 48. Ka5 Bd4 49. Ka6 Be5 50. Nc5 Bc3 51. b5 cxb5 52. cxb5 Be5 53. f4
Bd6 54. Ne4 Bxf4 55. Nxf6 Kd6 56. Ng4 Kd5 57. b6 Ke4 58. f6 1-0

[Event "Copenhagen Chess Challenge 2010"]
[Site "Ballerup"]
[Date "2010.??.??"]
[Round "3"]
[White "Skovle, Lars"]
[Black "Nguyen, Michael"]
[Result "0-1"]
[WhiteElo "1678"]
[BlackElo "2187"]
[PlyCount "74"]
[EventDate "2010.??.??"]
[EventType "swiss"]
[EventRounds "9"]
[EventCountry "DEN"]

1. f4 d5 2. g3 g6 3. Bg2 Bg7 4. Nf3 Nf6 5. O-O c5 6. d3 Nc6 7. Nc3 d4 8. Ne4
Qb6 9. Nf2 O-O 10. e4 dxe3 11. Bxe3 Nd5 12. Bc1 Rd8 13. Rb1 Nc3 14. bxc3 Qxb1
15. Qd2 Qxa2 16. Ne4 Qa5 17. Qf2 Rb8 18. Ne5 c4 19. Nxc4 Qc7 20. d4 Nxd4 21.
Ne5 Nc6 22. Be3 Ra8 23. Ra1 Nxe5 24. fxe5 Be6 25. Bd4 Bd5 26. Ng5 e6 27. Rxa7
Rxa7 28. Bxa7 Bxg2 29. Kxg2 Qc6+ 30. Kh3 Rd7 31. Bd4 h6 32. Nf3 Qe4 33. Nd2
Qxc2 34. Qe3 Qc1 35. Kg2 Rd5 36. Qe2 Qc2 37. Qe3 Bxe5 0-1

[Event "Copenhagen Chess Challenge 2010"]
[Site "Ballerup"]
[Date "2010.??.??"]
[Round "3"]
[White "Langmyhr, Tore"]
[Black "Eriksson, Christian Altenburg"]
[Result "1-0"]
[WhiteElo "1991"]
[BlackElo "2155"]
[PlyCount "161"]
[EventDate "2010.??.??"]
[EventType "swiss"]
[EventRounds "9"]
[EventCountry "DEN"]

1. c4 Nf6 2. Nc3 c6 3. e4 d6 4. d4 Nbd7 5. Nf3 e5 6. Be2 Be7 7. O-O O-O 8. a3
a5 9. b3 Qc7 10. Bb2 Re8 11. Rc1 Nf8 12. Qc2 Ng6 13. dxe5 dxe5 14. Nd1 Bc5 15.
Ne1 Qe7 16. Ra1 Nf4 17. Kh1 Bg4 18. f3 Bd7 19. Nf2 N6h5 20. g3 Nxg3+ 21. hxg3
Nh5 22. Ned3 Nxg3+ 23. Kg2 Nxf1 24. Kxf1 Bxf2 25. Nxf2 Qh4 26. Rd1 Be6 27. Bd3
f6 28. Ke2 Qg3 29. Qb1 Rad8 30. Rg1 Qh4 31. Bc1 Qh5 32. Be3 Qf7 33. Bb6 Ra8 34.
a4 Qe7 35. Be3 c5 36. Nd1 Bd7 37. Nc3 Bc6 38. Nd5 Qd6 39. Qe1 Bxd5 40. cxd5 b6
41. Qh4 Ra7 42. Bc4 g6 43. Qg3 Rg7 44. Kf2 g5 45. Rh1 Kh8 46. Rh5 Rf8 47. Qh3
Qd7 48. Qe6 Re7 49. Qxb6 Qc7 50. Bxc5 Qxb6 51. Bxb6 Ra8 52. d6 Rg7 53. Be6 Ra6
54. Bc5 Rc6 55. Ba3 Rc2+ 56. Kg3 Ra2 57. Bc5 Rc2 58. Bc4 g4 59. fxg4 Rc3+ 60.
Kh4 Rc1 61. Rf5 Rh1+ 62. Kg3 h5 63. g5 h4+ 64. Kg2 Rd1 65. Bd5 fxg5 66. Rxe5
Rd2+ 67. Kh3 Rd3+ 68. Kg4 h3 69. Re8+ Kh7 70. Bg1 Rd1 71. Bh2 Rd2 72. Kxh3 g4+
73. Kg3 Rd3+ 74. Kg2 g3 75. Bg1 Rd2+ 76. Kf3 Rd1 77. Be3 Rf1+ 78. Kg2 Re1 79.
Re7 Re2+ 80. Kf3 g2 81. Rxg7+ 1-0

[Event "Copenhagen Chess Challenge 2010"]
[Site "Ballerup"]
[Date "2010.??.??"]
[Round "3"]
[White "Hvenekilde, Jorgen"]
[Black "Lofberg, Jan"]
[Result "1-0"]
[WhiteElo "2128"]
[BlackElo "1937"]
[PlyCount "73"]
[EventDate "2010.??.??"]
[EventType "swiss"]
[EventRounds "9"]
[EventCountry "DEN"]

1. d4 Nf6 2. c4 e5 3. dxe5 Ne4 4. Nf3 Nc6 5. a3 d6 6. g3 Be6 7. Bg2 Bxc4 8. Qc2
d5 9. b3 Ba6 10. Bb2 Bc5 11. O-O Qe7 12. b4 Bb6 13. Nc3 Nxc3 14. Bxc3 d4 15.
Bb2 O-O-O 16. Rfd1 Kb8 17. Rab1 Bb5 18. Ba1 Nxe5 19. Nxd4 Bxd4 20. Bxd4 f6 21.
a4 Bd7 22. b5 Bc8 23. a5 Rd6 24. e3 Rhd8 25. Rdc1 g6 26. b6 R6d7 27. bxa7+ Ka8
28. a6 c6 29. f4 Rxd4 30. exd4 Ng4 31. Qe4 Qxe4 32. Bxe4 Rxd4 33. Bf3 Ne3 34.
Re1 Nd5 35. Re8 Kxa7 36. Rxc8 Kxa6 37. Ra8# 1-0

[Event "Copenhagen Chess Challenge 2010"]
[Site "Ballerup"]
[Date "2010.??.??"]
[Round "3"]
[White "Andersen, Rune Egede"]
[Black "Knudsen, Jes West"]
[Result "1-0"]
[WhiteElo "2073"]
[BlackElo "1938"]
[PlyCount "45"]
[EventDate "2010.??.??"]
[EventType "swiss"]
[EventRounds "9"]
[EventCountry "DEN"]

1. e4 d5 2. exd5 Nf6 3. d4 Nxd5 4. Nf3 Bg4 5. Be2 Nc6 6. c4 Nb6 7. d5 Bxf3 8.
Bxf3 Ne5 9. O-O Nxf3+ 10. Qxf3 Nxc4 11. Nc3 Nd6 12. Re1 Qd7 13. Bf4 O-O-O 14.
a4 Rg8 15. Rec1 Kb8 16. Nb5 Rc8 17. Qe3 b6 18. Bxd6 exd6 19. Nd4 Re8 20. Qd3
Qc8 21. Nc6+ Ka8 22. a5 b5 23. a6 1-0

[Event "Copenhagen Chess Challenge 2010"]
[Site "Ballerup"]
[Date "2010.??.??"]
[Round "3"]
[White "Skjoldager, Mikael"]
[Black "Marshall, Michael"]
[Result "1-0"]
[WhiteElo "1958"]
[BlackElo "1906"]
[PlyCount "121"]
[EventDate "2010.??.??"]
[EventType "swiss"]
[EventRounds "9"]
[EventCountry "DEN"]

1. e4 c6 2. d4 d5 3. Nc3 dxe4 4. Nxe4 Bf5 5. Ng3 Bg6 6. h4 h6 7. Nf3 Nd7 8. h5
Bh7 9. Bd3 Bxd3 10. Qxd3 e6 11. Bf4 Qa5+ 12. Bd2 Qc7 13. O-O-O Ngf6 14. c4 Bd6
15. Ne4 Bf4 16. g3 Bxd2+ 17. Nfxd2 O-O-O 18. c5 Nxe4 19. Nxe4 Kb8 20. Nd6 Nf6
21. Qa3 Ne8 22. Nc4 Rd5 23. Rd3 b5 24. cxb6 axb6 25. Qa6 Rb5 26. Ne5 Nd6 27.
Ra3 Qb7 28. Qxb7+ Kxb7 29. Rf3 f6 30. Ng6 Re8 31. g4 Rd5 32. Rd1 Nb5 33. Rfd3
Red8 34. Nf4 R5d6 35. a4 Nc7 36. Kc2 Nd5 37. Nxd5 Rxd5 38. Kc3 Kc7 39. f4 Ra5
40. b3 Rad5 41. Rg1 c5 42. Rgd1 Kc6 43. dxc5 Rxc5+ 44. Kb4 Rxd3 45. Rxd3 e5 46.
fxe5 Rxe5 47. Kc4 b5+ 48. axb5+ Kb6 49. Rd6+ Kc7 50. Rc6+ Kb7 51. Rd6 Rg5 52.
Rd4 f5 53. gxf5 Rxh5 54. Rd7+ Kb6 55. Rxg7 Rh4+ 56. Kd5 Kxb5 57. f6 Rf4 58. Ke6
h5 59. f7 h4 60. Rg8 Re4+ 61. Kd5 1-0

[Event "Copenhagen Chess Challenge 2010"]
[Site "Ballerup"]
[Date "2010.??.??"]
[Round "3"]
[White "Haubro, Martin"]
[Black "Tandrup, Michael"]
[Result "1/2-1/2"]
[WhiteElo "1907"]
[BlackElo "1954"]
[PlyCount "41"]
[EventDate "2010.??.??"]
[EventType "swiss"]
[EventRounds "9"]
[EventCountry "DEN"]

1. e4 d5 2. exd5 Qxd5 3. Nc3 Qa5 4. Bc4 Nf6 5. d4 c6 6. Bd2 Qb6 7. Nge2 Bf5 8.
Bb3 e6 9. f3 Bd6 10. Bg5 Nbd7 11. g4 Bg6 12. Nf4 Bxf4 13. Bxf4 Nd5 14. Nxd5
cxd5 15. h4 h6 16. Qd2 a5 17. a4 h5 18. g5 O-O 19. O-O Rfc8 20. Kg2 Nb8 21. Be3
1/2-1/2

[Event "Copenhagen Chess Challenge 2010"]
[Site "Ballerup"]
[Date "2010.??.??"]
[Round "3"]
[White "Andersen, Daniel"]
[Black "Molvig, Julius"]
[Result "1/2-1/2"]
[WhiteElo "1948"]
[BlackElo "1782"]
[PlyCount "103"]
[EventDate "2010.??.??"]
[EventType "swiss"]
[EventRounds "9"]
[EventCountry "DEN"]

1. c4 e5 2. Nc3 f5 3. d4 exd4 4. Qxd4 Nc6 5. Qe3+ Be7 6. Nd5 d6 7. Nh3 Nh6 8.
Nhf4 O-O 9. Ne6 Bxe6 10. Qxe6+ Kh8 11. Bxh6 gxh6 12. O-O-O Rc8 13. Nxe7 Qxe7
14. Qxh6 Qe4 15. Qh3 Qxc4+ 16. Qc3+ Qxc3+ 17. bxc3 Rg8 18. g3 Rce8 19. e3 Ne5
20. Bg2 b6 21. Rd5 Rgf8 22. h3 Rf6 23. Rhd1 Ng6 24. Bf3 Ne5 25. Be2 Rh6 26. h4
Rf8 27. R1d4 Ng4 28. Rf4 Rhf6 29. Kd1 Re8 30. Rdxf5 Rxf5 31. Rxf5 Nh6 32. Rf4
Re5 33. Kc2 Kg7 34. Bc4 Rf5 35. Rxf5 Nxf5 36. Kd3 Kf6 37. Ke4 Nh6 38. Kf4 Nf7
39. Bxf7 Kxf7 40. a4 a6 41. c4 c6 42. Ke4 Ke6 43. f4 d5+ 44. cxd5+ cxd5+ 45.
Kd4 h5 46. f5+ Kxf5 47. Kxd5 b5 48. axb5 axb5 49. e4+ Kg6 50. Kd6 Kf7 51. Kd7
Kf6 52. Kd6 1/2-1/2

[Event "Copenhagen Chess Challenge 2010"]
[Site "Ballerup"]
[Date "2010.??.??"]
[Round "3"]
[White "Olsen, Aage"]
[Black "Kallen, Jonas"]
[Result "1-0"]
[WhiteElo "2095"]
[BlackElo "1893"]
[PlyCount "79"]
[EventDate "2010.??.??"]
[EventType "swiss"]
[EventRounds "9"]
[EventCountry "DEN"]

1. e4 e5 2. Nf3 Nc6 3. Bc4 Nf6 4. Ng5 d5 5. exd5 Na5 6. Bb5+ c6 7. dxc6 bxc6 8.
Be2 h6 9. Nf3 e4 10. Ne5 Bd6 11. d4 exd3 12. Nxd3 O-O 13. O-O Qc7 14. h3 Ba6
15. b3 Rad8 16. Bb2 Nd5 17. Nd2 c5 18. c4 Nf4 19. Nxf4 Bxf4 20. Bc3 Rfe8 21.
Bf3 Bxd2 22. Bxd2 Bxc4 23. Re1 Be6 24. Qc2 c4 25. Qc3 Nb7 26. Rac1 Nc5 27. Re3
cxb3 28. axb3 Qb6 29. Bd1 Qd6 30. Rg3 f6 31. Bxh6 Ne4 32. Rxg7+ Kh8 33. Qb2 Rg8
34. Bf3 Rxg7 35. Bxg7+ Kxg7 36. Bxe4 Rb8 37. Qa1 Qe7 38. Qa5 Rxb3 39. Rc7 Bd7
40. Bf5 1-0

[Event "Copenhagen Chess Challenge 2010"]
[Site "Ballerup"]
[Date "2010.??.??"]
[Round "3"]
[White "Schmidt, Horst Hubert"]
[Black "Hansen, Rasmus Agertoft"]
[Result "0-1"]
[WhiteElo "1873"]
[BlackElo "1947"]
[PlyCount "70"]
[EventDate "2010.??.??"]
[EventType "swiss"]
[EventRounds "9"]
[EventCountry "DEN"]

1. Nf3 Nf6 2. d4 g6 3. e3 Bg7 4. Bd3 c6 5. O-O O-O 6. e4 d6 7. h3 Qb6 8. c4 Nh5
9. e5 dxe5 10. dxe5 Rd8 11. Qc2 Na6 12. Be3 Qc7 13. a3 Bxe5 14. Nxe5 Qxe5 15.
Nc3 Nc5 16. Bxc5 Qxc5 17. Rad1 Be6 18. Ne4 Qe5 19. Rfe1 Nf4 20. Ng3 Qg5 21. Bf1
h5 22. Kh2 Rxd1 23. Qxd1 h4 24. Ne2 Bxc4 25. Nxf4 Qxf4+ 26. Kg1 Be6 27. Qd3 Qf6
28. b4 Rc8 29. Qe3 b6 30. Ba6 Rd8 31. Qe4 Rd2 32. Qe3 Ra2 33. f3 b5 34. Bb7 Qb2
35. Re2 Qxe2 0-1

[Event "Copenhagen Chess Challenge 2010"]
[Site "Ballerup"]
[Date "2010.??.??"]
[Round "3"]
[White "Reppen, Ellisiv"]
[Black "Hauge, Lars Oskar"]
[Result "1/2-1/2"]
[WhiteElo "1944"]
[BlackElo "1823"]
[PlyCount "40"]
[EventDate "2010.??.??"]
[EventType "swiss"]
[EventRounds "9"]
[EventCountry "DEN"]

1. e4 c5 2. Nf3 Nc6 3. c3 d5 4. exd5 Qxd5 5. Be2 e6 6. d3 Nf6 7. O-O Be7 8. Bg5
O-O 9. Nbd2 h6 10. Bh4 b6 11. Qc2 Ba6 12. Ne4 Qd8 13. Rad1 Nd5 14. Bxe7 Qxe7
15. Rfe1 Rac8 16. Qa4 Bb7 17. Ng3 Rfd8 18. Qg4 Nf6 19. Qh4 Nd5 20. Qg4 Nf6
1/2-1/2

[Event "Copenhagen Chess Challenge 2010"]
[Site "Ballerup"]
[Date "2010.??.??"]
[Round "3"]
[White "Christensen, Casper"]
[Black "Vesterli, Michael E"]
[Result "0-1"]
[WhiteElo "1893"]
[BlackElo "1795"]
[PlyCount "132"]
[EventDate "2010.??.??"]
[EventType "swiss"]
[EventRounds "9"]
[EventCountry "DEN"]

1. d4 Nf6 2. c4 g6 3. Nc3 Bg7 4. e4 d6 5. Be3 O-O 6. f3 e5 7. Nge2 Nc6 8. d5
Ne7 9. Ng3 Nd7 10. Qd2 f5 11. Bh6 Bxh6 12. Qxh6 f4 13. Nge2 Nc5 14. O-O-O a5
15. h4 Kh8 16. Qg5 Kg7 17. h5 h6 18. Qh4 g5 19. Qf2 Bd7 20. g3 Qe8 21. gxf4
exf4 22. Nd4 Nc8 23. Re1 Qe5 24. Ndb5 c6 25. Nxd6 Qxd6 26. e5 Qe7 27. d6 Nxd6
28. Qxc5 Nf5 29. Qxe7+ Nxe7 30. Ne4 b6 31. c5 b5 32. Nd6 Be6 33. Kb1 Nd5 34.
Bh3 Bxh3 35. Rxh3 Ne3 36. Rg1 Ra7 37. e6 Re7 38. Nf7 Rxe6 39. Nd6 Re5 40. Ne4
Rd8 41. Rh2 Red5 42. Rhh1 Nc4 43. Rh3 Nd2+ 44. Nxd2 Rxd2 45. Rhh1 R8d5 46. Re1
Kf7 47. Re4 Rd1+ 48. Rxd1 Rxd1+ 49. Kc2 Rd5 50. b4 axb4 51. Rxb4 Rxc5+ 52. Kd3
Re5 53. a4 bxa4 54. Rxa4 Re3+ 55. Kd4 Rxf3 56. Ra7+ Ke6 57. Rh7 Rh3 58. Rxh6+
Kf5 59. Rxc6 Rxh5 60. Rc5+ Kg4 61. Ke4 Rh1 62. Rc2 Re1+ 63. Kd3 Kg3 64. Kd2 Re8
65. Rc3+ f3 66. Kd1 g4 0-1

[Event "Copenhagen Chess Challenge 2010"]
[Site "Ballerup"]
[Date "2010.??.??"]
[Round "4"]
[White "Haub, Thorsten Michael"]
[Black "Mikkelsen, Nikolaj"]
[Result "1-0"]
[WhiteElo "2508"]
[BlackElo "2388"]
[PlyCount "117"]
[EventDate "2010.??.??"]
[EventType "swiss"]
[EventRounds "9"]
[EventCountry "DEN"]

1. g3 e5 2. Bg2 d5 3. d3 g6 4. a3 Bg7 5. Nc3 d4 6. Na2 Ne7 7. c4 O-O 8. b4 h6
9. Bb2 a5 10. Nf3 Bg4 11. Nd2 Qc8 12. h3 Bd7 13. b5 Be6 14. Nb3 Nd7 15. a4 c6
16. Ba3 Re8 17. O-O Qc7 18. Rb1 e4 19. dxe4 Bxc4 20. Nac1 cxb5 21. axb5 Bxb5
22. Nxd4 Ba6 23. Nb5 Bxb5 24. Rxb5 Rad8 25. Qb3 b6 26. Nd3 Nc8 27. Nf4 Na7 28.
Rd5 Ne5 29. Rc1 Nac6 30. e3 Qb7 31. Ne2 a4 32. Qb5 Na5 33. f4 Nec4 34. Rxc4
Nxc4 35. Qxc4 Rxd5 36. exd5 b5 37. Qc6 Qxc6 38. dxc6 Bf8 39. Bxf8 Kxf8 40. Nc3
a3 41. Bd5 b4 42. Nb5 Rxe3 43. Kf2 Re8 44. Nd6 Re7 45. Nb5 Re8 46. c7 Ke7 47.
Ke3 Kd7+ 48. Kd2 g5 49. Bxf7 Rf8 50. Ba2 gxf4 51. gxf4 Rf6 52. f5 Rc6 53. Kd3
Ke7 54. Kd4 Kf6 55. Kd5 Rc2 56. Bc4 Rxc4 57. Kxc4 a2 58. c8=Q a1=Q 59. Qh8+ 1-0

[Event "Copenhagen Chess Challenge 2010"]
[Site "Ballerup"]
[Date "2010.??.??"]
[Round "4"]
[White "Skousen, Nikolai"]
[Black "Danielsen, Henrik"]
[Result "0-1"]
[WhiteElo "2317"]
[BlackElo "2494"]
[PlyCount "60"]
[EventDate "2010.??.??"]
[EventType "swiss"]
[EventRounds "9"]
[EventCountry "DEN"]

1. e4 d6 2. d4 Nf6 3. Nc3 g6 4. f4 Bg7 5. Nf3 O-O 6. Bd3 Na6 7. O-O c5 8. d5
Bg4 9. h3 Bxf3 10. Qxf3 Nb4 11. Rf2 Nxd3 12. cxd3 a6 13. Be3 Nd7 14. g4 b5 15.
Raf1 Qa5 16. e5 dxe5 17. f5 c4 18. d6 e6 19. Ne4 exf5 20. gxf5 cxd3 21. f6 Bh8
22. Qg4 Rfd8 23. Ng5 Qxa2 24. Ne4 Rac8 25. h4 Qd5 26. h5 Rc4 27. hxg6 hxg6 28.
Rh2 Qxe4 29. Rxh8+ Kxh8 30. Bf4 exf4 0-1